[Event "Asia-ch (Women)"]
[Site "Al Ain"]
[Date "2025.05.15"]
[Round "9"]
[White "Mohammadi, Melika"]
[Black "Naransolongo, Zorigoo"]
[Result "1-0"]
[WhiteElo "2205"]
[BlackElo "1815"]
[PlyCount "54"]
[EventDate "2025.05.07"]
[EventType "swiss"]
[EventRounds "9"]
[EventCountry "UAE"]
[SourceTitle "CB21_2025"]
[SourceDate "2025.05.21"]
[SourceVersion "1"]
[SourceVersionDate "2025.05.21"]
[SourceQuality "1"]

1. e4 e5 2. Nf3 Nc6 3. Nc3 Nf6 4. a3 d5 5. Bb5 Bg4 6. h3 Bxf3 7. Qxf3 d4 8. Ne2 Qd7 9. d3 a6 10. Bc4 Na5 11. Ba2 c5 12. Qg3 Nc6 13. 0-0 Nh5 14. Qg4 Nf6 15. Qg3 Nh5 16. Qf3 Nf6 17. Bd2 Bd6 18. Ng3 0-0 19. Nf5 Be7 20. Bh6 g6 21. Bxf8 Rxf8 22. Nxe7+ Qxe7 23. g3 Kg7 24. Qg2 Qc7 25. Rae1 Qb6 26. Rb1 Qa5 27. Bd5 Ne7 1-0

[Event "Asia-ch (Women)"]
[Site "Al Ain"]
[Date "2025.05.13"]
[Round "7"]
[White "Mohammadi, Melika"]
[Black "Priyanka, Nutakki"]
[Result "1-0"]
[WhiteElo "2205"]
[BlackElo "2277"]
[PlyCount "87"]
[EventDate "2025.05.07"]
[EventType "swiss"]
[EventRounds "9"]
[EventCountry "UAE"]
[SourceTitle "CB21_2025"]
[SourceDate "2025.05.21"]
[SourceVersion "1"]
[SourceVersionDate "2025.05.21"]
[SourceQuality "1"]

1. e4 e6 2. d4 d5 3. Nc3 Nf6 4. e5 Nfd7 5. f4 c5 6. Nf3 Nc6 7. Be3 a6 8. Ne2 Qb6 9. Qc1 Be7 10. c3 0-0 11. dxc5 Nxc5 12. Ned4 Qc7 13. Be2 f5 14. exf6 Rxf6 15. 0-0 Bd6 16. g3 Bd7 17. Qc2 Be8 18. b4 Nd7 19. Ng5 Nf8 20. Bd3 h6 21. Ngf3 Bh5 22. Nxc6 Bxf3 23. Bd4 Bg4 24. Bxf6 gxf6 25. Nd4 Bh3 26. Rf2 Rc8 27. Rc1 Kh8 28. a3 Qg7 29. Bf1 Bg4 30. Be2 Bh3 31. Qd3 Bb8 32. g4 Bxg4 33. Rg2 Bxe2 34. Nxe2 Qh7 35. Qd4 Nd7 36. c4 dxc4 37. Rxc4 Re8 38. Qc3 Qb1+ 39. Nc1 Ba7+ 40. Kh1 Rf8 41. Rc8 Bc5 42. Rc7 Rd8 43. bxc5 Ne5 44. Qc2 1-0

[Event "Titled Tuesday intern op 06th May Early"]
[Site "Chess.com INT"]
[Date "2025.05.06"]
[Round "3"]
[White "Nimay, Agrawal"]
[Black "Mohammadi, Melika"]
[Result "0-1"]
[WhiteElo "1982"]
[BlackElo "2205"]
[PlyCount "58"]
[EventDate "2025.05.06"]
[EventType "swiss (blitz)"]
[EventRounds "11"]
[EventCountry "USA"]
[SourceTitle "CB20_2025"]
[SourceDate "2025.05.14"]
[SourceVersion "1"]
[SourceVersionDate "2025.05.14"]
[SourceQuality "1"]

1. e4 e5 2. Nf3 Nf6 3. Nc3 Nc6 4. Bb5 Bb4 5. 0-0 0-0 6. Re1 d6 7. a3 Bxc3 8. dxc3 Ne7 9. h3 Ng6 10. Be3 c6 11. Bd3 d5 12. Bc5 Re8 13. c4 Nf4 14. cxd5 cxd5 15. Bb5 Bd7 16. Bxd7 Qxd7 17. exd5 e4 18. Nh2 Qf5 19. Be3 N6xd5 20. c4 Nxe3 21. Rxe3 Nd3 22. Qe2 Qf6 23. Rb1 Qd4 24. Nf1 f5 25. g3 Re6 26. Kh2 Rf8 27. f3 h5 28. Kg2 h4 29. g4 Nf4+ 0-1

[Event "Titled Tuesday intern op 21st Jan Late"]
[Site "Chess.com INT"]
[Date "2025.01.21"]
[Round "7"]
[White "Ibarra Jerez, Jose Carlos"]
[Black "Mohammadi, Melika"]
[Result "0-1"]
[WhiteElo "2559"]
[BlackElo "2181"]
[PlyCount "94"]
[EventDate "2025.01.21"]
[EventType "swiss (blitz)"]
[EventRounds "11"]
[EventCountry "USA"]
[SourceTitle "CB05_2025"]
[SourceDate "2025.01.29"]
[SourceVersion "1"]
[SourceVersionDate "2025.01.29"]
[SourceQuality "1"]

1. e4 e5 2. Nf3 Nc6 3. d4 exd4 4. Nxd4 Nf6 5. Nxc6 bxc6 6. Nd2 d5 7. exd5 cxd5 8. Bb5+ Bd7 9. Bxd7+ Qxd7 10. 0-0 Be7 11. b3 0-0 12. Bb2 Rfd8 13. h3 c5 14. Re1 d4 15. Nc4 Nd5 16. Qf3 Bf6 17. Re4 Nb4 18. c3 Nc2 19. Rd1 Qc6 20. cxd4 cxd4 21. Qe2 Nb4 22. Bxd4 Nxa2 23. Ra1 Rxd4 24. Rxd4 Nc3 25. Qd3 Bxd4 26. Kf1 Qf6 27. f3 Ne2 28. Rd1 Ng3+ 29. Ke1 Re8+ 30. Kd2 h5 31. Kc1 Ne2+ 32. Kc2 Nc3 33. Qxd4 Nxd1 34. Qxd1 Qg6+ 35. Kc3 Qxg2 36. Qd3 Qe2 37. Qd4 Qxf3+ 38. Kb4 Qb7+ 39. Ka3 Rb8 40. Qc3 Qa6+ 41. Kb2 Qb5 42. Qg3 Rb7 43. Qe3 Qxc4 44. Qe8+ Kh7 45. Qe3 Qxb3+ 46. Qxb3 Rxb3+ 47. Kxb3 Kg6 0-1

[Event "Titled Tuesday intern op 21st Jan Late"]
[Site "Chess.com INT"]
[Date "2025.01.21"]
[Round "4"]
[White "Mohammadi, Melika"]
[Black "Tran, Le Vy"]
[Result "1-0"]
[WhiteElo "2181"]
[BlackElo "1900"]
[PlyCount "61"]
[EventDate "2025.01.21"]
[EventType "swiss (blitz)"]
[EventRounds "11"]
[EventCountry "USA"]
[SourceTitle "CB05_2025"]
[SourceDate "2025.01.29"]
[SourceVersion "1"]
[SourceVersionDate "2025.01.29"]
[SourceQuality "1"]

1. c4 b6 2. Nc3 Bb7 3. e4 e6 4. d4 Bb4 5. d5 exd5 6. exd5 Nf6 7. Bd3 0-0 8. Nge2 c6 9. 0-0 cxd5 10. cxd5 d6 11. Bg5 h6 12. Bh4 Nbd7 13. a3 Bxc3 14. Nxc3 a6 15. Re1 Re8 16. Qd2 Ne5 17. Ne4 Nxe4 18. Rxe4 Qd7 19. Bg3 Bxd5 20. Rd4 Bb7 21. Rxd6 Qe7 22. Bf1 b5 23. f3 f6 24. Re1 Qf7 25. Bxe5 fxe5 26. Bd3 Qe7 27. Bg6 Red8 28. Rd1 Rac8 29. Rxd8+ Rxd8 30. Qxd8+ Qxd8 31. Rxd8# 1-0

[Event "Titled Tuesday intern op 21st Jan Late"]
[Site "Chess.com INT"]
[Date "2025.01.21"]
[Round "10"]
[White "Stefansson, Vignir Vatnar"]
[Black "Mohammadi, Melika"]
[Result "0-1"]
[WhiteElo "2550"]
[BlackElo "2181"]
[PlyCount "180"]
[EventDate "2025.01.21"]
[EventType "swiss (blitz)"]
[EventRounds "11"]
[EventCountry "USA"]
[SourceTitle "CB05_2025"]
[SourceDate "2025.01.29"]
[SourceVersion "1"]
[SourceVersionDate "2025.01.29"]
[SourceQuality "1"]

1. e4 e5 2. Nf3 Nc6 3. Bc4 Nf6 4. Ng5 d5 5. exd5 Na5 6. d3 h6 7. Nf3 e4 8. Nd4 Bc5 9. c3 0-0 10. 0-0 exd3 11. Bxd3 Qxd5 12. Nb5 Bb6 13. Bf4 Bf5 14. Be2 Qe4 15. Bg3 Rad8 16. Nd2 Qe7 17. Bf3 Nc4 18. Re1 Qc5 19. Nd4 Nxb2 20. Qb3 Nd3 21. Re3 Bg6 22. Rd1 Ba5 23. Nc4 Bxc3 24. Nb5 Bd4 25. Rexd3 Bxd3 26. Rxd3 Rfe8 27. Kf1 a6 28. Nxc7 Re7 29. Bxb7 Rxc7 30. Bxc7 Qxc7 31. g3 Rb8 32. Rxd4 Rxb7 33. Qd3 g6 34. Kg2 Qc6+ 35. Qf3 Qxf3+ 36. Kxf3 Rb4 37. Ke3 Kg7 38. Kd3 h5 39. Rd6 Ng4 40. Kc3 Rb8 41. f4 Rc8 42. Kb4 Nxh2 43. Rxa6 Nf1 44. Nd6 Rc2 45. Ra7 Nxg3 46. Rxf7+ Kh6 47. a4 Rf2 48. Ne4 Nxe4 49. a5 Nd6 50. Rf6 Nc8 51. a6 h4 52. Rf8 Na7 53. Rh8+ Kg7 54. Rxh4 Kf6 55. Ka5 Rb2 56. Rh7 Nc6+ 57. Ka4 Rb4+ 58. Ka3 Rb6 59. a7 Ra6+ 60. Kb3 Rxa7 61. Rh8 Rb7+ 62. Kc4 Ne7 63. Rf8+ Kg7 64. Re8 Nf5 65. Kd5 Rd7+ 66. Ke6 Rd6+ 67. Ke5 Rd1 68. Rb8 Re1+ 69. Kd5 Ne7+ 70. Kd6 Kf7 71. Rb7 Kf6 72. Rb8 Nf5+ 73. Kd5 Ne3+ 74. Kd4 Kf5 75. Rf8+ Kg4 76. Rg8 Nf5+ 77. Kd3 Re6 78. Ra8 Kxf4 79. Ra4+ Kg5 80. Ra5 Kh4 81. Ra4+ Kh3 82. Ra3 g5 83. Kd2+ Kh4 84. Ra5 Ng3 85. Kd3 g4 86. Ra8 Nh5 87. Ra4 Kh3 88. Ra5 Nf4+ 89. Kd4 g3 90. Rf5 g2 0-1

[Event "Titled Tuesday intern op 21st Jan Late"]
[Site "Chess.com INT"]
[Date "2025.01.21"]
[Round "11"]
[White "Urazayev, Arystanbek"]
[Black "Mohammadi, Melika"]
[Result "1-0"]
[WhiteElo "2448"]
[BlackElo "2181"]
[PlyCount "79"]
[EventDate "2025.01.21"]
[EventType "swiss (blitz)"]
[EventRounds "11"]
[EventCountry "USA"]
[SourceTitle "CB05_2025"]
[SourceDate "2025.01.29"]
[SourceVersion "1"]
[SourceVersionDate "2025.01.29"]
[SourceQuality "1"]

1. e4 e5 2. Nf3 Nc6 3. Bc4 Nf6 4. d3 Bc5 5. Nc3 h6 6. h3 a6 7. Be3 Bxe3 8. fxe3 d6 9. Qe2 Na5 10. Bb3 Nxb3 11. axb3 Bd7 12. 0-0 0-0 13. Qf2 Qe7 14. Nh4 c6 15. Ne2 d5 16. exd5 cxd5 17. Ng3 Ne8 18. Nhf5 Bxf5 19. Nxf5 Qe6 20. Ra5 Kh7 21. e4 dxe4 22. dxe4 g6 23. Ne3 Nd6 24. Ng4 f5 25. Rxe5 Qd7 26. Qh4 Qg7 27. Re7 Nf7 28. exf5 g5 29. Qf2 Rae8 30. f6 Qg6 31. Rfe1 Rc8 32. c4 Kg8 33. Rxb7 Nd6 34. Rb6 Ne4 35. f7+ Kh7 36. Rxg6 Nxf2 37. Rxh6+ Kg7 38. Kxf2 Rxf7+ 39. Kg1 Rf4 40. Re7+ 1-0

[Event "Yerevan op-A 6th"]
[Site "Yerevan"]
[Date "2024.12.05"]
[Round "1"]
[White "Grigoryan, Karen H"]
[Black "Mohammadi, Melika"]
[Result "1/2-1/2"]
[WhiteElo "2618"]
[BlackElo "2181"]
[PlyCount "73"]
[EventDate "2024.12.05"]
[EventType "swiss"]
[EventRounds "9"]
[EventCountry "ARM"]
[SourceTitle "CB51_2024"]
[SourceDate "2024.12.18"]
[SourceVersion "1"]
[SourceVersionDate "2024.12.18"]
[SourceQuality "1"]

1. e4 e5 2. Nf3 Nc6 3. Bc4 Nf6 4. d3 Bc5 5. Bg5 h6 6. Bh4 Be7 7. Nbd2 d6 8. c3 Na5 9. Qa4+ c6 10. Bxf7+ Kxf7 11. b4 b5 12. Qxa5 Qxa5 13. bxa5 g5 14. Bg3 Bd8 15. Nb3 c5 16. Nfd2 Be6 17. c4 bxc4 18. dxc4 Rb8 19. 0-0 Rb4 20. Rfc1 Bc7 21. f3 Rhb8 22. Rc2 Ra4 23. Rac1 Ng8 24. Nf1 Ne7 25. Ne3 Nc6 26. Be1 Nd4 27. Rb2 Bxa5 28. Bxa5 Rxa5 29. Rcb1 Ra4 30. Nd2 Rxb2 31. Rxb2 Rb4 32. Rxb4 cxb4 33. Kf2 a5 34. Ke1 a4 35. Kd1 Ke7 36. Nd5+ Bxd5 37. exd5 1/2-1/2

[Event "Titled Tuesday intern op 17th Sep Late"]
[Site "Chess,com INT"]
[Date "2024.09.17"]
[Round "5"]
[White "Metin, Enis"]
[Black "Mohammadi, Melika"]
[Result "0-1"]
[WhiteElo "2030"]
[BlackElo "2181"]
[PlyCount "90"]
[EventDate "2024.09.17"]
[EventType "swiss (blitz)"]
[EventRounds "11"]
[EventCountry "USA"]
[SourceTitle "EXT 2025"]
[Source "ChessBase"]
[SourceDate "2024.10.14"]
[SourceVersion "1"]
[SourceVersionDate "2024.10.14"]
[SourceQuality "1"]

1. e4 c5 2. Nf3 Nc6 3. Bb5 e5 4. 0-0 Bd6 5. d4 Nxd4 6. Bc4 Nxf3+ 7. Qxf3 Nf6 8. Nc3 0-0 9. Bg5 Be7 10. Rad1 d6 11. h3 Be6 12. Qd3 Ne8 13. Be3 a6 14. a4 Qc7 15. Nd5 Bxd5 16. Bxd5 Rc8 17. Qb3 b6 18. Bc4 Qa7 19. Qd3 Nc7 20. f4 exf4 21. Rxf4 Bg5 22. Rf3 Bxe3+ 23. Qxe3 b5 24. axb5 axb5 25. Bf1 Rfd8 26. Qf4 Ne6 27. Qg3 c4+ 28. Kh1 Qe7 29. Rf5 Nc5 30. Re1 Nxe4 31. Qf4 Re8 32. Ra1 Nc5 33. h4 f6 34. g3 Qe4+ 35. Bg2 Qxf4 36. Rxf4 Kf7 37. Bd5+ Kf8 38. b4 cxb3 39. cxb3 Nd3 40. Rd4 Ne1 41. Ra7 Re5 42. Rf7+ Ke8 43. Rxg7 Rc1 44. Kh2 Nc2 45. Kh3 Nxd4 0-1

[Event "Titled Tuesday intern op 17th Sep Late"]
[Site "Chess,com INT"]
[Date "2024.09.17"]
[Round "6"]
[White "Mohammadi, Melika"]
[Black "Shafer, Logan Clark"]
[Result "1/2-1/2"]
[WhiteElo "2181"]
[BlackElo "2149"]
[PlyCount "143"]
[EventDate "2024.09.17"]
[EventType "swiss (blitz)"]
[EventRounds "11"]
[EventCountry "USA"]
[SourceTitle "EXT 2025"]
[Source "ChessBase"]
[SourceDate "2024.10.14"]
[SourceVersion "1"]
[SourceVersionDate "2024.10.14"]
[SourceQuality "1"]

1. d4 Nf6 2. c4 g6 3. Nc3 Bg7 4. e4 0-0 5. f4 d6 6. Nf3 c5 7. d5 e6 8. Be2 exd5 9. cxd5 Re8 10. e5 dxe5 11. fxe5 Nfd7 12. e6 fxe6 13. dxe6 Nb6 14. Qxd8 Rxd8 15. e7 Re8 16. Be3 N8d7 17. 0-0 Rxe7 18. Bg5 Bf6 19. Bxf6 Nxf6 20. Rad1 Bg4 21. h3 Bd7 22. Ng5 Rf8 23. a4 h6 24. a5 hxg5 25. axb6 axb6 26. Rd6 Kg7 27. Rxb6 Bc6 28. Bf3 Nd7 29. Rb3 Bxf3 30. Rxf3 Rxf3 31. gxf3 Ne5 32. Kg2 Nd3 33. Ne4 c4 34. Rb5 Nf4+ 35. Kh2 Ne6 36. Kg3 Kh6 37. Re5 Nd4 38. Rxe7 Nf5+ 39. Kg4 Nxe7 40. Nd6 Nd5 41. Nxc4 b5 42. Ne5 Ne3+ 43. Kg3 Nd1 44. b3 Nc3 45. Nf7+ Kg7 46. Nxg5 Ne2+ 47. Kf2 Nd4 48. b4 Nc6 49. Ne6+ Kf6 50. Nc7 Nxb4 51. Nxb5 Nd5 52. Nd4 Ke5 53. Ne2 Nf6 54. Kg3 Kf5 55. Nd4+ Kg5 56. f4+ Kh5 57. Ne6 Ne4+ 58. Kf3 Nd6 59. Nd4 Nf7 60. Kg2 g5 61. f5 g4 62. Kg3 gxh3 63. Nf3 Ne5 64. Nxe5 Kg5 65. Ng4 Kxf5 66. Nh2 Kg5 67. Nf1 Kh6 68. Kh2 Kg5 69. Ng3 Kh4 70. Nf1 Kg4 71. Ne3+ Kf3 72. Kxh3 1/2-1/2

[Event "Titled Tuesday intern op 17th Sep Late"]
[Site "Chess,com INT"]
[Date "2024.09.17"]
[Round "7"]
[White "Ospina Castro, Santiago"]
[Black "Mohammadi, Melika"]
[Result "1/2-1/2"]
[WhiteElo "2106"]
[BlackElo "2181"]
[PlyCount "91"]
[EventDate "2024.09.17"]
[EventType "swiss (blitz)"]
[EventRounds "11"]
[EventCountry "USA"]
[SourceTitle "EXT 2025"]
[Source "ChessBase"]
[SourceDate "2024.10.14"]
[SourceVersion "1"]
[SourceVersionDate "2024.10.14"]
[SourceQuality "1"]

1. Nf3 c5 2. b3 Nc6 3. Bb2 d5 4. e3 Nf6 5. Bb5 e6 6. Bxc6+ bxc6 7. d3 Bd6 8. Ne5 Qc7 9. f4 0-0 10. Nd2 Nd7 11. Ndf3 f6 12. Nxd7 Bxd7 13. 0-0 e5 14. fxe5 fxe5 15. e4 Bg4 16. h3 Bh5 17. g4 Bg6 18. Qe2 dxe4 19. dxe4 Rf4 20. Nd2 Raf8 21. Rxf4 Rxf4 22. Rf1 Qf7 23. Nc4 Bc7 24. Nxe5 Rxf1+ 25. Qxf1 Qxf1+ 26. Kxf1 Bxe4 27. Nd3 Bb6 28. Ba3 g6 29. Ke2 g5 30. c4 Bg2 31. Nf2 h6 32. Ke3 Kf7 33. Nd3 Bxh3 34. Kf3 Bf1 35. Nxc5 Kg6 36. Nd7 Bd4 37. Bd6 h5 38. Ne5+ Kf6 39. Nxc6 hxg4+ 40. Kxg4 Be3 41. Be7+ Kg6 42. Ne5+ Kh6 43. Nf7+ Kg6 44. Ne5+ Kh6 45. Nf7+ Kg6 46. Ne5+ 1/2-1/2

[Event "IRI-ch (Women)"]
[Site "Tehran"]
[Date "2024.06.02"]
[Round "11"]
[White "Mohammadi, Melika"]
[Black "Yousefian, Maedeh"]
[Result "1-0"]
[WhiteElo "2148"]
[BlackElo "1947"]
[PlyCount "99"]
[EventDate "2024.05.25"]
[EventType "tourn"]
[EventRounds "11"]
[EventCountry "IRI"]
[SourceTitle "CBM 220 Extra"]
[Source "ChessBase"]
[SourceDate "2024.07.31"]
[SourceVersion "1"]
[SourceVersionDate "2024.07.31"]
[SourceQuality "1"]

1. e4 e5 2. Nf3 Nc6 3. Bb5 a6 4. Ba4 d6 5. 0-0 Bd7 6. c3 g6 7. d4 Bg7 8. Re1 Nf6 9. Nbd2 0-0 10. h3 b5 11. Bc2 Nh5 12. dxe5 Nxe5 13. Nxe5 dxe5 14. Nb3 Nf4 15. Nc5 Bc6 16. Be3 Qe7 17. a4 Rfd8 18. Qf3 Ne6 19. Nb3 Be8 20. Red1 bxa4 21. Na5 Rab8 22. Bxa4 Bxa4 23. Rxa4 Rxb2 24. Nc6 Rxd1+ 25. Qxd1 Qd6 26. Qxd6 cxd6 27. Rxa6 Bf8 28. Nb4 Nc5 29. Bxc5 dxc5 30. Nd5 Rc2 31. g4 g5 32. Ra8 Kg7 33. Re8 f6 34. Re6 h6 35. Kg2 Kg8 36. Rxf6 Rc1 37. Re6 Bg7 38. Rc6 Bf8 39. Rc7 Bg7 40. Rxc5 Re1 41. Rc8+ Kf7 42. Rc7+ Kf8 43. Kf3 Rh1 44. c4 Rxh3+ 45. Kg2 Ra3 46. c5 Ra1 47. c6 Rc1 48. Rc8+ Kf7 49. c7 Bf8 50. Rd8 1-0

[Event "IRI-ch (Women)"]
[Site "Tehran"]
[Date "2024.05.31"]
[Round "9"]
[White "Mohammadi, Melika"]
[Black "Imani, Adrina"]
[Result "1-0"]
[WhiteElo "2148"]
[BlackElo "1880"]
[PlyCount "57"]
[EventDate "2024.05.25"]
[EventType "tourn"]
[EventRounds "11"]
[EventCountry "IRI"]
[SourceTitle "CBM 220 Extra"]
[Source "ChessBase"]
[SourceDate "2024.07.31"]
[SourceVersion "1"]
[SourceVersionDate "2024.07.31"]
[SourceQuality "1"]

1. e4 c6 2. d4 d5 3. Nc3 dxe4 4. Nxe4 Nf6 5. Nxf6+ exf6 6. c3 Bd6 7. Bd3 0-0 8. Qc2 Re8+ 9. Ne2 h5 10. Be3 Nd7 11. 0-0-0 Nf8 12. c4 Be6 13. Nc3 Rc8 14. a3 a6 15. c5 Be7 16. Be4 Qa5 17. h3 Bd8 18. g4 h4 19. Rhg1 b5 20. cxb6 Bxb6 21. Na4 Bd5 22. Bf5 Bf3 23. b4 Bxd1 24. Rxd1 Qb5 25. Bd3 Qd5 26. Nxb6 Qd6 27. Nxc8 Rxc8 28. Qc5 Qd8 29. g5 1-0

[Event "IRI-ch (Women)"]
[Site "Tehran"]
[Date "2024.05.28"]
[Round "5"]
[White "Asgharzadeh, Mitra"]
[Black "Mohammadi, Melika"]
[Result "1-0"]
[WhiteElo "2019"]
[BlackElo "2148"]
[PlyCount "95"]
[EventDate "2024.05.25"]
[EventType "tourn"]
[EventRounds "11"]
[EventCountry "IRI"]
[SourceTitle "CBM 220 Extra"]
[Source "ChessBase"]
[SourceDate "2024.07.31"]
[SourceVersion "1"]
[SourceVersionDate "2024.07.31"]
[SourceQuality "1"]

1. Nf3 d5 2. g3 Nc6 3. Bg2 e5 4. d3 h5 5. c4 d4 6. Na3 Nf6 7. Nc2 a5 8. e3 dxe3 9. Bxe3 Bf5 10. d4 exd4 11. Nfxd4 Nxd4 12. Nxd4 Bb4+ 13. Kf1 Bc8 14. Nb5 Bd7 15. Bxb7 Rb8 16. Bf3 0-0 17. Kg2 Qc8 18. h3 Rd8 19. Qe2 c6 20. Nd4 Re8 21. Qc2 Bd6 22. b3 Be5 23. Rad1 c5 24. Nb5 Bf5 25. Qc1 Rb6 26. Bf4 Be4 27. Bxe4 Nxe4 28. Bxe5 Rxe5 29. Nc3 Qf5 30. Nxe4 Qxe4+ 31. Kh2 Rf6 32. Rhf1 Ref5 33. Kg1 Rg6 34. Qb1 Qf4 35. Qd3 h4 36. Kh2 Qe5 37. Qd8+ Kh7 38. Qxh4+ Rh6 39. Qg4 Rg5 40. Qf3 Rgh5 41. Kg2 Qe6 42. h4 Rf5 43. Qd3 Qg6 44. h5 Rhxh5 45. Rh1 Qc6+ 46. f3 Kg8 47. g4 Rxh1 48. Qd8+ 1-0

[Event "IRI-ch (Women)"]
[Site "Tehran"]
[Date "2024.05.26"]
[Round "2"]
[White "Mohammadi, Melika"]
[Black "Khalafvand, Dorsa Sadat"]
[Result "1/2-1/2"]
[WhiteElo "2148"]
[BlackElo "1846"]
[PlyCount "142"]
[EventDate "2024.05.25"]
[EventType "tourn"]
[EventRounds "11"]
[EventCountry "IRI"]
[SourceTitle "CBM 220 Extra"]
[Source "ChessBase"]
[SourceDate "2024.07.31"]
[SourceVersion "1"]
[SourceVersionDate "2024.07.31"]
[SourceQuality "1"]

1. e4 c6 2. d4 d5 3. Nc3 dxe4 4. Nxe4 Bf5 5. Ng3 Bg6 6. h4 h6 7. Nf3 Nd7 8. h5 Bh7 9. Bd3 Bxd3 10. Qxd3 e6 11. Bd2 Ngf6 12. 0-0-0 Be7 13. Ne4 0-0 14. Kb1 c5 15. dxc5 Nxc5 16. Nxc5 Bxc5 17. Qe2 Qb6 18. Ne5 Ba3 19. Bc1 Rfd8 20. Qf3 Be7 21. g4 Qc5 22. Qe2 Nd5 23. c4 Nb6 24. f4 Bf6 25. Be3 Qb4 26. Rc1 Na4 27. Rh2 Rac8 28. Qc2 Bxe5 29. fxe5 b5 30. c5 Nb6 31. a3 Qa4 32. Qxa4 Nxa4 33. b3 Rd3 34. bxa4 Rxe3 35. axb5 Rxe5 36. Rhc2 Rb8 37. a4 Kf8 38. c6 Ke7 39. Rd1 Rd8 40. c7 Rxd1+ 41. Kb2 Rd8 42. c8Q Rxc8 43. Rxc8 Rd5 44. Kb3 e5 45. Ra8 Rd7 46. a5 Kd6 47. Kc4 Rc7+ 48. Kb4 e4 49. Re8 Rc1 50. Rxe4 Rb1+ 51. Kc4 Rc1+ 52. Kd3 Rb1 53. Rf4 f6 54. Rd4+ Kc5 55. Rc4+ Kd6 56. Rc6+ Kd7 57. Ra6 Rxb5 58. Rxa7+ Ke6 59. a6 Ra5 60. Ke4 Ra4+ 61. Kf3 Ra3+ 62. Kf4 Ra4+ 63. Kg3 Ra3+ 64. Kh4 Ke5 65. Rxg7 Rxa6 66. Rg6 Ra4 67. Kg3 Ra3+ 68. Kh4 Ra4 69. Rxh6 f5 70. Rg6 Rxg4+ 71. Rxg4 fxg4 1/2-1/2

[Event "Titled Tuesday intern op 05th Mar Early"]
[Site "Chess.com INT"]
[Date "2024.03.05"]
[Round "8"]
[White "Andersson, Bjorn"]
[Black "Mohammadi, Melika"]
[Result "1-0"]
[WhiteElo "2281"]
[BlackElo "2177"]
[PlyCount "85"]
[EventDate "2024.03.05"]
[EventType "swiss (blitz)"]
[EventRounds "11"]
[EventCountry "USA"]
[SourceTitle "EXT 2025"]
[Source "ChessBase"]
[SourceDate "2024.10.14"]
[SourceVersion "1"]
[SourceVersionDate "2024.10.14"]
[SourceQuality "1"]

1. e4 e5 2. Nf3 Nc6 3. Bc4 Nf6 4. Ng5 d5 5. exd5 Na5 6. Bb5+ c6 7. dxc6 bxc6 8. Bd3 Ng4 9. Ne4 f5 10. Be2 h5 11. h3 fxe4 12. hxg4 Bc5 13. b4 Qd4 14. bxc5 0-0 15. 0-0 Qxa1 16. Nc3 e3 17. gxh5 exf2+ 18. Kh2 Be6 19. Bf3 Rad8 20. Qe2 Bc4 21. d3 Qxc3 22. dxc4 Qxc4 23. Qxf2 e4 24. Be2 Qxc2 25. Qe1 Rxf1 26. Qxf1 Rf8 27. Qe1 Qxc5 28. h6 g6 29. Qg3 Qf5 30. Ba3 Rf7 31. Bb4 Nb7 32. Bc4 Qh5+ 33. Qh3 Qxh3+ 34. Kxh3 c5 35. h7+ Kxh7 36. Bxf7 cxb4 37. Bd5 Nc5 38. Kg3 a5 39. Kf4 a4 40. Ke3 b3 41. axb3 axb3 42. Kd4 b2 43. Ba2 1-0

[Event "Titled Tuesday intern op 05th Mar Early"]
[Site "Chess.com INT"]
[Date "2024.03.05"]
[Round "9"]
[White "Mohammadi, Melika"]
[Black "Burmakin, Evgeniy"]
[Result "1-0"]
[WhiteElo "2177"]
[BlackElo "2166"]
[PlyCount "147"]
[EventDate "2024.03.05"]
[EventType "swiss (blitz)"]
[EventRounds "11"]
[EventCountry "USA"]
[SourceTitle "EXT 2025"]
[Source "ChessBase"]
[SourceDate "2024.10.14"]
[SourceVersion "1"]
[SourceVersionDate "2024.10.14"]
[SourceQuality "1"]

1. e4 c5 2. Nf3 d6 3. d4 cxd4 4. Nxd4 Nf6 5. Nc3 a6 6. f3 e5 7. Nb3 Be6 8. Be3 Be7 9. Qd2 Nbd7 10. g4 b5 11. 0-0-0 0-0 12. g5 b4 13. gxf6 bxc3 14. Qxc3 Nxf6 15. Na5 Qd7 16. Nc6 Rfc8 17. Nxe7+ Qxe7 18. Qa5 Ne8 19. Rg1 Qf6 20. Rg3 Qh4 21. Rd2 Nf6 22. Bd3 h6 23. Rg1 d5 24. Rdg2 g6 25. exd5 Nxd5 26. Bd2 Nf4 27. Bxf4 Qxf4+ 28. Kb1 Bf5 29. Bxf5 Qxf5 30. Rf1 Kg7 31. Qd2 Rc6 32. a3 Rac8 33. Qd1 Qf4 34. Rd2 h5 35. Re1 h4 36. Re4 Qg5 37. Rg4 Qf5 38. Rxh4 Rf6 39. Re4 Qxf3 40. Qxf3 Rxf3 41. Rxe5 Rf1+ 42. Ka2 Rc1 43. c3 Rh1 44. Re7 Rf8 45. Ra7 Kh6 46. Rxa6 f5 47. Rb6 f4 48. Rg2 Rg8 49. Rf6 Rf1 50. Rg4 f3 51. Rgf4 Kg5 52. Rxf3 Rh1 53. h3 Rxh3 54. Rxh3 Kxf6 55. a4 g5 56. Rg3 g4 57. a5 Kf5 58. b4 Kf4 59. Rg1 Kf3 60. Kb3 Kf2 61. Ra1 g3 62. a6 Re8 63. b5 g2 64. Ra2+ Re2 65. Ra1 Re1 66. Ra2+ Re2 67. Rxe2+ Kxe2 68. a7 g1Q 69. a8Q Qb1+ 70. Kc4 Qe4+ 71. Qxe4+ Kd2 72. b6 Kc1 73. b7 Kd2 74. b8Q 1-0

[Event "Titled Tuesday intern op 05th Mar Early"]
[Site "Chess.com INT"]
[Date "2024.03.05"]
[Round "6"]
[White "Mohammadi, Melika"]
[Black "Gelman, Alexander"]
[Result "0-1"]
[WhiteElo "2177"]
[BlackElo "2403"]
[PlyCount "66"]
[EventDate "2024.03.05"]
[EventType "swiss (blitz)"]
[EventRounds "11"]
[EventCountry "USA"]
[SourceTitle "EXT 2025"]
[Source "ChessBase"]
[SourceDate "2024.10.14"]
[SourceVersion "1"]
[SourceVersionDate "2024.10.14"]
[SourceQuality "1"]

1. e4 c5 2. Nf3 e6 3. d4 cxd4 4. Nxd4 a6 5. Bd3 d6 6. Nc3 Nf6 7. Qe2 b5 8. 0-0 Bb7 9. Nb3 Nbd7 10. f4 Qc7 11. a3 Be7 12. Be3 h5 13. h3 h4 14. Kh2 Nh5 15. Qf2 Ng3 16. Rfe1 Nf6 17. Bb6 Qd7 18. Bd4 Rc8 19. Rad1 Nfh5 20. f5 e5 21. Be3 Qc7 22. Bb6 Qb8 23. a4 b4 24. Na2 d5 25. exd5 e4 26. Ba7 Qd6 27. Kg1 exd3 28. Rxd3 0-0 29. Rde3 Bg5 30. Rd3 Nf4 31. Rdd1 Rfe8 32. Bc5 Rxe1+ 33. Qxe1 Rxc5 0-1

[Event "Titled Tuesday intern op 05th Mar Early"]
[Site "Chess.com INT"]
[Date "2024.03.05"]
[Round "1"]
[White "Mohammadi, Melika"]
[Black "Harutjunyan, Gevorg"]
[Result "0-1"]
[WhiteElo "2177"]
[BlackElo "2358"]
[PlyCount "50"]
[EventDate "2024.03.05"]
[EventType "swiss (blitz)"]
[EventRounds "11"]
[EventCountry "USA"]
[SourceTitle "EXT 2025"]
[Source "ChessBase"]
[SourceDate "2024.10.14"]
[SourceVersion "1"]
[SourceVersionDate "2024.10.14"]
[SourceQuality "1"]

1. e4 c6 2. d4 d5 3. Nc3 dxe4 4. Nxe4 Bf5 5. Ng3 Bg6 6. h4 h6 7. Nf3 Nd7 8. h5 Bh7 9. Bd3 Bxd3 10. Qxd3 e6 11. Bd2 Ngf6 12. 0-0-0 Be7 13. Ne4 a5 14. Kb1 a4 15. a3 0-0 16. g4 Nxg4 17. Qe2 f5 18. Nc3 Rf7 19. Rdg1 Qb6 20. Ka2 Bf6 21. Qxe6 Nxf2 22. Rh2 Ng4 23. Re2 Bxd4 24. Nxd4 Qxd4 25. Rf1 Nf8 0-1